| 000 | 00562nam a22001577a 4500 | ||
|---|---|---|---|
| 003 | OSt | ||
| 005 | 20150910160833.0 | ||
| 008 | 150910b xxu||||| |||| 00| 0 eng d | ||
| 040 | _cRUA | ||
| 082 | _aAGR ស៊ិន 1995 BOO11 Or.1 | ||
| 100 |
_9265 _aស៊ិន សោភ័ណ្ឌ |
||
| 245 | _aDETILLERING STUDY ON THE RICE PLANT,សិក្សាអពីឥទ្ធិពលនៃការខូចខាតដើមទៅលើទិន្នផលស្រូវ | ||
| 260 |
_aPHNOMPHEN _bRUA _c1995 |
||
| 300 |
_a64P. _bILL. _c29CM. |
||
| 942 |
_2ddc _cAGR |
||
| 999 |
_c245 _d245 |
||